Capitalism and equality in America

This comprehensive work, along with its companion volume (see listing below), provides a thorough review of modern capitalism by some of today's most knowledgeable scholars.

保存先:
書誌詳細
フォーマット: 図書
言語:Undetermined
出版事項: New York Institute for Educational Affairs, 1987
主題:
タグ: タグ追加
タグなし, このレコードへの初めてのタグを付けませんか!
Thư viện lưu trữ: Trung tâm Học liệu Trường Đại học Cần Thơ
LEADER 00794nam a2200193Ia 4500
001 CTU_218835
008 210402s9999 xx 000 0 und d
082 |a 330.122 
082 |b C244 
245 0 |a Capitalism and equality in America 
245 0 |c Edited by Peter L. Berge 
260 |a New York 
260 |b Institute for Educational Affairs, 
260 |c 1987 
520 |a This comprehensive work, along with its companion volume (see listing below), provides a thorough review of modern capitalism by some of today's most knowledgeable scholars. 
650 |a Capitalism,Income distribution,Chủ nghĩa tư bản,Phân phối thu nhập 
650 |z United States,United States,Hoa Kỳ,Hoa Kỳ 
904 |i Qhieu 
980 |a Trung tâm Học liệu Trường Đại học Cần Thơ